000 00399 a2200157 4500
999 _c320945
_d320945
001 85872
003 NUST
005 20180121155642.0
008 180121b xxu||||| |||| 00| 0 eng d
020 _a0961180005
082 _a809 MUR
100 _aJames J. Murphy
_99355
245 _aA Synoptic history of classical rhetoric
_hEnglish
250 _a1st
260 _aDavis
_bHermagoras Press
_c1983
300 _aviii, 199 p.
500 _aGifted By AM Masood Akhtar
942 _acaenust
_cBK
_k809 MUR
_2ddc